000 00767nam a22002657a 4500
001 7608
003 FISKH
005 20250728090607.0
008 250728b cb ||||| |||| 00| 0 eng d
020 _a9781876233006
040 _aFISKH
_beng
_cFISKH
_dFISKH
050 _aPZ7
082 _a821
100 _aChambers, Gordon
245 _aThe day my father danced again /
_cBy Gordon Lee Chambers : Illustrated By Alison Kubbos
260 _aSurry Hills :
_bBox Press ,
_c1996.
300 _a32 unnumbered pages :
_bcolor illustrations ;
_c27 X 27 cm .
505 _aK
521 8 _a510
_bLexile estimate
521 8 _aK
_bRaz-Plus
650 _aHardcover
700 _aKubbos, Alison
_eIllustrator
942 _2ddc
_cBK
_n0
999 _c7608
_d7608